000 00280nam a22001337a 4500
008 170817b xxu||||| |||| 00| 0 eng d
020 _a9780536833679
041 _aeng
080 _a51
100 _a36
101 _aMAT
245 _aPRECALCULUS
_cSIEVER,N.L
942 _2udc
_cBK
999 _c23862
_d23862